Statistics for Glories of Football with Number 10

Click here to take the quiz!

General Stats

  • This quiz has been taken 32 times
  • The average score is 34 of 50

Answer Stats

Answer% Correct
Mbappe
100%
Messi
100%
Maradona
96%
Pele
96%
Modric
92%
Neymar
92%
Zidane
92%
Ronaldinho
88%
Forlan
85%
Hazard
85%
James Rodriguez
85%
Rivaldo
85%
Rooney
85%
Totti
85%
Bernardo Silva
81%
Ibrahimovic
81%
Kaka
81%
Mane
81%
Ozil
81%
Sterling
81%
Fabregas
77%
Gnabry
77%
Gullit
77%
Puskas
77%
Riquelme
77%
Sneijder
77%
Baggio
73%
Matthaus
73%
Raul
73%
Zico
73%
Owen
69%
Podolski
69%
Rui Costa
69%
Bergkamp
65%
Del Piero
65%
Platini
65%
Seedorf
65%
Valderrama
62%
Hagi
58%
Laudrup
58%
Okocha
54%
Kempes
50%
Lineker
50%
Francescoli
38%
Rai
23%
Ortega
19%
Rivera
19%
Cubillas
15%
Schiaffino
12%
Hurst
4%

Score Distribution

Percentile by Number Answered

Percent of People with Each Score

Your Score History

You have not taken this quiz